[Event "Madrid-ch sf-A"]
[Site "Madrid"]
[Date "2014.03.12"]
[Round "3"]
[White "Luna Hermoso, Angel"]
[Black "Cervino Rossel, Cristobal"]
[Result "1/2-1/2"]
[WhiteElo "1973"]
[BlackElo "2018"]
[PlyCount "128"]
[EventDate "2014.03.10"]
[EventType "swiss"]
[EventRounds "9"]
[EventCountry "ESP"]
[SourceTitle "EXT 2015"]
[Source "ChessBase"]
[SourceDate "2014.11.20"]
[SourceVersion "1"]
[SourceVersionDate "2014.11.20"]
[SourceQuality "1"]

1. d4 Nf6 2. c4 e6 3. Nf3 b6 4. g3 Bb7 5. Bg2 Bb4+ 6. Bd2 Be7 7. 0-0 0-0 8. Nc3 d6 9. Qc2 Nbd7 10. Rad1 Qe8 11. e4 e5 12. d5 a5 13. Nh4 Nc5 14. Nf5 Bc8 15. Bh3 Kh8 16. Rfe1 g6 17. Nxe7 Bxh3 18. Nc6 Bg4 19. Bg5 Ng8 20. f3 Bd7 21. f4 f6 22. fxe5 Bxc6 23. dxc6 dxe5 24. Be3 Qxc6 25. Nd5 Rf7 26. b3 Raf8 27. a3 Ne6 28. b4 axb4 29. axb4 Ng7 30. b5 Qe6 31. c5 f5 32. cxb6 cxb6 33. Bxb6 f4 34. Bc5 Rc8 35. Rc1 fxg3 36. hxg3 Qg4 37. Qg2 Rf3 38. Re3 Rxe3 39. Nxe3 Qg5 40. Qf2 Ne6 41. Ba3 Rb8 42. Rb1 Nd4 43. b6 Ne7 44. Bd6 Re8 45. Bxe7 Qxe7 46. Nd5 Qg7 47. b7 Nc6 48. Qf6 Nb8 49. Rc1 Rf8 50. Qxf8+ Qxf8 51. Rc8 Kg7 52. Rxf8 Kxf8 53. Kf2 h5 54. Ke2 Kf7 55. Kd3 g5 56. Ke3 Ke6 57. Kf3 Kf7 58. Ne3 Ke6 59. Nf5 Kd7 60. g4 hxg4+ 61. Kxg4 Kc7 62. Ne3 Kxb7 63. Nc4 Nd7 64. Kxg5 Nc5 1/2-1/2

[Event "Madrid-ch sf-A"]
[Site "Madrid"]
[Date "2014.03.12"]
[Round "1"]
[White "Saber, Salah"]
[Black "Cervino Rossel, Cristobal"]
[Result "1-0"]
[WhiteElo "1847"]
[BlackElo "2018"]
[PlyCount "89"]
[EventDate "2014.03.10"]
[EventType "swiss"]
[EventRounds "9"]
[EventCountry "ESP"]
[SourceTitle "EXT 2015"]
[Source "ChessBase"]
[SourceDate "2014.11.20"]
[SourceVersion "1"]
[SourceVersionDate "2014.11.20"]
[SourceQuality "1"]

1. e4 e5 2. Nf3 Nc6 3. Bb5 a6 4. Ba4 d6 5. d3 Nf6 6. Bg5 Be7 7. Nbd2 b5 8. Bb3 Na5 9. h3 Nxb3 10. axb3 h6 11. Be3 c5 12. 0-0 0-0 13. Kh2 Nh7 14. g4 Ng5 15. Rg1 Ne6 16. Nf1 g5 17. Ng3 Nf4 18. Nf5 Bxf5 19. gxf5 Kh7 20. Bxf4 exf4 21. Qf1 Rg8 22. Qg2 Bf6 23. c3 Qe7 24. Qg4 b4 25. Rac1 bxc3 26. bxc3 Rab8 27. Nd2 Be5 28. f3 Qf6 29. c4 Bc3 30. Nb1 Bd4 31. Rg2 Rxb3 32. Rd1 Rgb8 33. Nd2 Rxd3 34. h4 Rg8 35. e5 Qxe5 36. Ne4 Rxd1 37. hxg5 Qg7 38. Qh5 Re1 39. g6+ Kh8 40. Nxd6 Re7 41. Rg4 fxg6 42. Rxg6 Qh7 43. Rxh6 Qxh6 44. Qxh6+ Rh7 45. Nf7# 1-0

[Event "Metz op 31th"]
[Site "Metz"]
[Date "2013.04.23"]
[Round "6"]
[White "Cervino Rossel, Cristobal"]
[Black "Gorse, Gerard"]
[Result "1/2-1/2"]
[WhiteElo "1917"]
[BlackElo "2083"]
[PlyCount "30"]
[EventDate "2013.04.20"]
[EventType "swiss"]
[EventRounds "9"]
[EventCountry "FRA"]
[SourceTitle "EXT 2016"]
[Source "ChessBase"]
[SourceDate "2015.10.08"]
[SourceVersion "1"]
[SourceVersionDate "2015.10.08"]
[SourceQuality "1"]

1. d4 f5 2. Nf3 Nf6 3. g3 e6 4. Bg2 d5 5. 0-0 Bd6 6. c4 c6 7. Nc3 0-0 8. Bg5 h6 9. Bxf6 Qxf6 10. c5 Bc7 11. e3 e5 12. b4 Nd7 13. a4 a5 14. Ne1 e4 15. f3 exf3 1/2-1/2

[Event "Metz op 31th"]
[Site "Metz"]
[Date "2013.04.23"]
[Round "5"]
[White "Klek, Hanna Marie"]
[Black "Cervino Rossel, Cristobal"]
[Result "1-0"]
[WhiteElo "2332"]
[BlackElo "1917"]
[PlyCount "107"]
[EventDate "2013.04.20"]
[EventType "swiss"]
[EventRounds "9"]
[EventCountry "FRA"]
[SourceTitle "EXT 2016"]
[Source "ChessBase"]
[SourceDate "2015.10.08"]
[SourceVersion "1"]
[SourceVersionDate "2015.10.08"]
[SourceQuality "1"]

1. e4 e5 2. Bc4 Nc6 3. Nf3 Be7 4. c3 Nf6 5. d3 0-0 6. 0-0 d6 7. Bb3 Bg4 8. h3 Bc8 9. Re1 Nd7 10. d4 Bf6 11. Be3 Re8 12. Nbd2 Nb6 13. a4 Bd7 14. a5 Nc8 15. Bc4 Qe7 16. d5 Nd8 17. Nf1 g6 18. Ng3 Bg7 19. Nh2 Qf8 20. f4 exf4 21. Bxf4 Rb8 22. Qf3 b5 23. axb6 Rxb6 24. b4 c6 25. Nhf1 Rb7 26. Ne2 Rc7 27. Nd2 Qe7 28. Qg3 Kh8 29. Ba6 Be5 30. Rac1 f6 31. c4 c5 32. Bxe5 Qxe5 33. Qxe5 Rxe5 34. Nf4 cxb4 35. Nd3 Re7 36. c5 dxc5 37. Nxc5 Nd6 38. Ndb3 N8f7 39. Rcd1 Kg8 40. Rd4 f5 41. Rxb4 h6 42. Nxd7 Rcxd7 43. Nc5 Rd8 44. Ne6 Rde8 45. exf5 Nxf5 46. Rc1 Ne3 47. Nf4 Re5 48. Rb7 g5 49. Nh5 R8e7 50. Rb8+ Re8 51. Rxe8+ Rxe8 52. Nf6+ Kf8 53. Nxe8 Kxe8 54. Re1 1-0

[Event "Luxembourg-chT 1112"]
[Site "Luxembourg"]
[Date "2012.04.10"]
[Round "7"]
[White "Bruch, Jochen"]
[Black "Cervino Rossel, Cristobal"]
[Result "1-0"]
[WhiteElo "2203"]
[BlackElo "1789"]
[PlyCount "105"]
[EventDate "2011.10.??"]
[EventType "team-tourn"]
[EventRounds "10"]
[EventCountry "LUX"]
[SourceTitle "EXT 2017"]
[Source "ChessBase"]
[SourceDate "2016.10.25"]
[SourceVersion "1"]
[SourceVersionDate "2016.10.25"]
[SourceQuality "1"]

1. Nf3 d5 2. g3 Nf6 3. Bg2 g6 4. 0-0 Bg7 5. d3 0-0 6. Nbd2 c5 7. c3 Nc6 8. Qc2 e5 9. Re1 Bg4 10. e4 d4 11. Nb3 Nd7 12. h3 Be6 13. Ng5 Qe7 14. Nxe6 fxe6 15. h4 h6 16. Nd2 Rac8 17. Bh3 Rf6 18. Nf1 b6 19. Nh2 Kh7 20. Qd2 Qf8 21. Re2 Ne7 22. Ng4 Rf7 23. Nxh6 Bxh6 24. Qxh6+ Qxh6 25. Bxh6 Kxh6 26. Bxe6 Rf6 27. Bxd7 Rd8 28. Bb5 g5 29. hxg5+ Kxg5 30. Kg2 Rg6 31. Rh1 Kf6 32. Rh7 Ke6 33. Re1 Rf8 34. Reh1 Kd6 35. R1h6 Rff6 36. Rxg6 Rxg6 37. Rf7 a5 38. a3 dxc3 39. bxc3 Ke6 40. Rf8 Kd6 41. Rd8+ Ke6 42. Bc4+ Kf6 43. Rf8+ Kg5 44. Rf7 Nc6 45. Bb5 Kh6 46. Rc7 Nd8 47. Re7 Re6 48. Rd7 Nc6 49. f4 exf4 50. gxf4 Ne7 51. Bc4 Rg6+ 52. Kf3 Nc8 53. e5 1-0